| 000 | 03350nam0a2200469 i 4500 | ||
|---|---|---|---|
| 001 | RU\NLR\BIBL_A\010902834 | ||
| 005 | 20260409063023.0 | ||
| 010 |
_a9785917686714 _bНорма |
||
| 010 |
_a978-5-16-011406-4 _bИНФРА-М, print |
||
| 010 |
_a978-5-16-103647-1 _bИНФРА-М, online _9200 |
||
| 021 |
_aRU _b2015-84138 _95142 |
||
| 035 | _a(NILC)RuMoRGB-008055436 | ||
| 035 | _a(NLR Aleph) 010902834 | ||
| 090 |
_a10600206 _c10600206 |
||
| 100 | _a20151118d2016 um y0rusy50 ca | ||
| 101 | 0 | _arus | |
| 102 | _aRU | ||
| 105 | _ay|||j|||000yy | ||
| 200 | 1 |
_aКонституционно-правовой статус органов законодательной и исполнительной власти субъектов Российской Федерации _eучебник для студентов, обучающихся по направлению подготовки "Юриспруденция", квалификация (степень) "магистр" _e[учебник для магистратуры _fЗаболотских Екатерина Михайловна к.ю.н., доц., Михайлова Марина Васильевна к.филос.н доц., Садовникова Галина Дмитриевна д.ю.н., проф., Таева Наталья Евгеньевна к.ю.н., доц.] _gотв. ред.: д.ю.н. Г. Д. Садовникова _gМосковский гос. юридический ун-т им. О. Е. Кутафина (МГЮА) |
|
| 210 |
_aМосква _cНорма _cИнфра-М _d2016 _d[т.е. 2015] |
||
| 215 |
_a127 с. _d21 |
||
| 300 | _aАвт. указаны на с. 5 текста | ||
| 300 | _aКн. фактически изд. в 2015 г. | ||
| 320 | _aБиблиогр.: с. 121-127, в подстроч. примеч. и в тексте | ||
| 606 | 1 |
_aОрганы государственной власти _jУчебники для высших учебных заведений _xСубъекты _yРоссийская Федерация _92285021 _3RU\NLR\AUTH\661368804 |
|
| 606 | 1 |
_aОрганы государственного управления _jУчебники для высших учебных заведений _xСубъекты _yРоссийская Федерация _92177280 _3RU\NLR\AUTH\661309489 |
|
| 610 | 0 | _aорганы исполнительной власти | |
| 610 | 0 | _aорганы законодательной власти | |
| 675 | _a342 | ||
| 686 | 1 | _aХ620.61я73 | |
| 686 | 1 | _aХ621.011.9я73 | |
| 701 | 1 |
_aЗаболотских _bЕ. М. _gЕкатерина Михайловна |
|
| 701 | 1 |
_7ca _8rus _aМихайлова _bМ. В. _cканд. филос. наук _gМарина Васильевна _965101 _3RU\NLR\AUTH\7782173 |
|
| 701 | 1 |
_aСадовникова _bГ. Д. _gГалина Дмитриевна |
|
| 701 | 1 |
_aТаева _bН. Е. _gНаталья Евгеньевна |
|
| 702 | 1 |
_aСадовникова _bГ. Д. _gГалина Дмитриевна _4340 |
|
| 712 | 0 | 2 |
_4570 _aМосковский государственный юридический университет им. О. Е. Кутафина _9357016 _3RU\NLR\AUTH\8810235884 |
| 801 | 0 |
_aRU _bРГБ _c20151028 _gRCR |
|
| 942 | _cBOOK | ||
| 980 | _aNBR | ||